| 000 | 01335nam0a2200313 4500 | ||
|---|---|---|---|
| 001 | RU\NLR\b_ik\104370 | ||
| 005 | 20250616225155.0 | ||
| 035 | _a(NLR Aleph) 002178219 | ||
| 090 |
_a2747172 _c2747172 |
||
| 100 | _a20031217d2003 |||y0rusy50 ca | ||
| 101 | 0 |
_aeng _crus |
|
| 102 | _aRU | ||
| 105 | _aa ||||||||| | ||
| 200 | 1 |
_aOn the Fourier transformation of renormalization invariant coupling _fD.V. Shirkov |
|
| 210 |
_aДубна _cОИЯИ _d2003 |
||
| 215 |
_a21, [1] с. _cил. _d22 |
||
| 225 | 1 |
_aОбъединенный институт ядерных исследований, Дубна _vE2-2003-1.hep-th/0210013 |
|
| 300 | _aНа 3-й с. обл.: О фурье-преобразовании ренорм-инвариантной функции связи / Ширков Д.В. | ||
| 300 | _aРез. на рус. яз. | ||
| 313 | _aКХД | ||
| 320 | _aБиблиогр. в конце кн. (30 назв.) | ||
| 517 | 0 | _aО фурье-преобразовании ренорм-инвариантной функции связи | |
| 606 | 0 |
_aКвантовая хромодинамика _xМодели _92045704 _3RU\NLR\AUTH\661227416 |
|
| 686 | 4 | _aВ382.145 | |
| 700 | 1 |
_aŠirkov _bD. V. _f1928- _gDmitrij Vasil'evič _4070 |
|
| 801 | 0 |
_aRU _bNLR _c20031217 _gPSBO |
|
| 942 | _cBOOK | ||
| 980 | _aNB | ||